000 00469nam a2200181Ia 4500
001 8143
005 20260306160547.0
008 260306t2001||||xx |||||||||||||| ||spa||
041 _aESP
082 _a370.114
_bL88A
100 _aLópez Quintás, Alfonso
_eAUT
245 0 _aEl encuentro y la alegría:
_bEjercicios para crecer espiritualmente
260 _c2001
300 _a188 páginas :
_c21 cm.
650 _aGEN
654 _aCED
942 _cLIB
_dJUS
_fJUS
_2ddc
_n
999 _c8143
_d8143